000 01086nam a22002537a 4500
005 20170124102950.0
010 _aA-909333
020 _c150.00
035 _aA-909333
037 _bCen Lib/Ret
040 _aDPL
_bHN
082 _a
_bवंधोपा
100 _aवन्धोपाध्याय, ताराशंकर
_947008
245 _aसमुंद्र मंथन /
_cताराशंकर वन्धोपाध्याय
246 _aSamundra manthan /
_bby Tara Shankar Vandhopadyay
260 _a दिल्ली
_bसर्वोदय साहित्य संन्थान
_c1998
270 _b दिल्ली
_aएल-45, करतार नगर, शिवाजी मार्ग
_e110053
300 _a151पृ.
_c21सेमी(सजिल्द )
650 _aहिंदी साहित्य
_x
_z
_9110834
650 _aहिंदी कहानियां
_9110835
650 _aHindi literature
_9110836
650 _aHindi stories
_9110837
942 _2ddc
_cHN
_h
_mवंधोपा
999 _c113267
_d113267